Southville International School and Colleges
Your cart is empty.
  • Cart
  • Lists
    Public lists Eva Luna New books Lux_list list_1
    Your lists Log in to create your own lists
  • Log in to your account
  • Your cookies
  • Search history
Southville International School and Colleges
  • Advanced search
  • Recent comments
  • Most popular
  • Libraries

Log in to your account

Log in with GOOGLE


If you do not have an external account, but do have a local account, you can still log in:

  1. Home
  2. MARC view: How to do everything to fight spam, viruses, pop-ups and spyware /
Normal view MARC view ISBD view

How to do everything to fight spam, viruses, pop-ups and spyware / (Record no. 300945)

[ view plain ]
MARC details
000 -LEADER
fixed length control field 00679nam a2200253Ia 4500
008 - FIXED-LENGTH DATA ELEMENTS--GENERAL INFORMATION
fixed length control field 160901s9999 xx 000 0 und d
020 ## - INTERNATIONAL STANDARD BOOK NUMBER
International Standard Book Number 0-07-225655-9
050 ## - LIBRARY OF CONGRESS CALL NUMBER
Classification number ComSc HE 7553
050 ## - LIBRARY OF CONGRESS CALL NUMBER
Item number .F45 2004
100 ## - MAIN ENTRY--PERSONAL NAME
Personal name Feinstein, Ken.
245 ## - TITLE STATEMENT
Title How to do everything to fight spam, viruses, pop-ups and spyware /
245 ## - TITLE STATEMENT
Statement of responsibility, etc Ken Feinstein.
260 ## - PUBLICATION, DISTRIBUTION, ETC. (IMPRINT)
Place of publication, distribution, etc New York :
260 ## - PUBLICATION, DISTRIBUTION, ETC. (IMPRINT)
Name of publisher, distributor, etc McGraw-Hill.,
260 ## - PUBLICATION, DISTRIBUTION, ETC. (IMPRINT)
Date of publication, distribution, etc 2004
300 ## - PHYSICAL DESCRIPTION
Extent 234 pages :
300 ## - PHYSICAL DESCRIPTION
Other physical details ill. ;
300 ## - PHYSICAL DESCRIPTION
Dimensions 23 cm.
300 ## - PHYSICAL DESCRIPTION
Accompanying material CD-ROM
500 ## - GENERAL NOTE
General note Includes index.
650 ## - SUBJECT ADDED ENTRY--TOPICAL TERM
Topical term or geographic name as entry element Electronic mail systems.
650 ## - SUBJECT ADDED ENTRY--TOPICAL TERM
Topical term or geographic name as entry element Unsolicited electronic mail messages.
650 ## - SUBJECT ADDED ENTRY--TOPICAL TERM
General subdivision Computer viruses.
Holdings
Withdrawn status Lost status Damaged status Home library Current library Shelving location Date acquired Cost, normal purchase price Total Checkouts Full call number Barcode Date last seen Price effective from Koha item type
      South Mansfield College South Mansfield College   02/08/2006 1.00   ComSc HE 7553 .F45 2004 SMC03055 09/01/2016 09/01/2016  

How to do everything to fight spam, viruses, pop-ups and spyware /

APA

Feinstein K., .How to do everything to fight spam, viruses, pop-ups and spyware. New York: .

Chicago

Feinstein Ken, .How to do everything to fight spam, viruses, pop-ups and spyware. New York: .

Harvard

Feinstein K., .How to do everything to fight spam, viruses, pop-ups and spyware. New York: .

MLA

Feinstein Ken, .New York: . .

  • Place hold
  • Print
  • Cite
  • Add to your cart (remove)
  • Save record
    BIBTEX Dublin Core MARCXML MARC (non-Unicode/MARC-8) MARC (Unicode/UTF-8) MARC (Unicode/UTF-8, Standard) MODS (XML) RIS
  • More searches
    Search for this title in:
    Other Libraries (WorldCat) Other Databases (Google Scholar) Online Stores (Bookfinder.com) Open Library (openlibrary.org)

Exporting to Dublin Core...

SOUTHVILLE LIBRARY

Southville International School and Colleges Library

1281 Tropical Ave. Cor. Luxembourg St., BF Homes International, Las Pinas City

Tel. No. 8256374 / 252358 Loc. 117/146

Powered by Koha